00322nam a22001217a 4500082001800000100001000018245004200028250000800070260004600078300003300124526003700157650000600194 a624.1821bSTE aD.S.S aPractical design of Steel Structures  a3rd aGreat BritainbThe Whitefrias Pressc1953 axiii, 297 p. :bill. :c6 Cm a0b0c0d624_182100000000000_STE aD